00422nam a2200133 a 4500003000900000005001700009007000300026008004100029040002500070082001300095245010200108260005900210300001900269DO-SdBNP20220210125008.0ta110719s1929 000 spa d aDO-SdBNPbspacBNPHU aF-bR311 0aRecuerdo del acto de iniciación de los hermanos Alvaro A. Arvelo G., Henry D. López-penha.... a[Ciudad Trujillo] :c[1929?].bLogia Cuna de América a10 p. ;c16 cm